000 00205nam a22000857a 4500
008 170131b xxu||||| |||| 00| 0 eng d
100 _92712
_aMacaw Books
245 _aFacts and More Wild Animals
260 _c2013
999 _c5876
_d5876